000 02002cam a2200361 4500500
005 20260329005956.0
041 _afre
042 _adc
100 1 0 _aZincq, Aurélien
_eauthor
245 0 0 _aAmbivalences de l’autorité dans l’évangile de Marc
260 _c2024.
500 _a29
520 _aCet article discute la cohérence et les limites de l’herméneutique postcoloniale de l’évangile de Marc développée par T. B. Liew en se focalisant sur la notion d’autorité. Les sources, méthodes et thématiques principales de ce projet herméneutique sont présentées, ainsi que les critiques qu’il a reçues. Un tri est fait parmi celles-ci pour apprécier leur justesse. Seule une approche fondée sur les outils propres aux études postcoloniales permet d’évaluer la pertinence du projet herméneutique de Liew.
520 _aThis paper discusses the coherence and limitations of T. B. Liew’s postcolonial hermeneutics of the Gospel of Mark, focusing on the notion of authority. The main sources, methods, and themes of this hermeneutical project are introduced, along with the critiques it has faced. These are sorted to assess their accuracy. Only an approach based on tools specific to postcolonial studies can evaluate the relevance of Liew’s hermeneutic project.
690 _aautorité
690 _aeschatologie
690 _aétudes postcoloniales
690 _aexégèse biblique
690 _aherméneutique
690 _aNouveau Testament
690 _athéologie politique
690 _azoocritique
690 _aauthority
690 _abiblical exegesis
690 _aeschatology
690 _ahermeneutics
690 _aNew Testament
690 _apolitical theology
690 _apostcolonial studies
690 _azoocriticism
786 0 _nAnalecta Bruxellensia | 26 | 2 | 2024-10-19 | p. 11-56 | 1372-7281
856 4 1 _uhttps://shs.cairn.info/revue-analecta-bruxellensia-2024-2-page-11?lang=fr&redirect-ssocas=7080
999 _c1848384
_d1848384